[Event "KAZ-ch sf"]
[Site "Pavlodar"]
[Date "2016.02.06"]
[Round "1"]
[White "Negmetzhanov, Zhanibek"]
[Black "Zhunussov, Bibek"]
[Result "0-1"]
[WhiteElo "1751"]
[BlackElo "2211"]
[PlyCount "58"]
[EventDate "2016.02.05"]
[EventType "swiss"]
[EventRounds "9"]
[EventCountry "KAZ"]
[SourceTitle "CBM 171 Extra"]
[Source "ChessBase"]
[SourceDate "2016.04.26"]
[SourceVersion "1"]
[SourceVersionDate "2016.04.26"]
[SourceQuality "1"]

1. e4 c5 2. Nc3 Nc6 3. g3 g6 4. Bg2 Bg7 5. d3 e6 6. Be3 d6 7. Nge2 Nd4 8. 0-0 Ne7 9. Nf4 0-0 10. h4 Rb8 11. Qd2 Nec6 12. Nd1 Ne5 13. Bxd4 cxd4 14. Ne2 Nc6 15. f4 f5 16. exf5 gxf5 17. Bf3 Kh8 18. Kg2 Bf6 19. Rh1 Rg8 20. Kf2 Bd7 21. Bh5 Ne7 22. c3 Bc6 23. Bf3 Qb6 24. cxd4 Bxf3 25. Re1 Bxe2 26. Qxe2 Qxd4+ 27. Kg2 Bxh4 28. Kh3 Rxg3+ 29. Kxh4 Qxf4+ 0-1